000
00304nam a22001217a 4500
008
160504b xxu||||| |||| 00| 0 eng d
020
_a
9780130985781
020
_a
0130985783
041
_a
eng
080
_a
61
245
_a
Action research in health:
_c
Ernie Stringer; William J. Genat;
942
_2
udc
_c
BK
999
_c
1769
_d
1769